| 000 | 00000nam##2200000za#4500 |
| 001 | 9.647854 |
| 003 | CaOODSP |
| 005 | 20240209132410 |
| 007 | ta |
| 008 | 150407|1999||||xxc||||| f|0| 0 eng|d |
| 020 | |a0-662-29282-0 |
| 040 | |aCaOODSP|beng |
| 043 | |an-cn--- |
| 086 | 1 |aC89-4/73-1999E |
| 110 | 2 |aAtlantic Canada Opportunities Agency. |
| 245 | 10|aSkills needs in the resource-based sectors in Atlantic Canada / |cby Charles Davis and Les Hulett. |
| 260 | |aMoncton - New Brunswick : |bAtlantic Canada Opportunities Agency |c1999. |
| 300 | |a30p. : |btables ; |c28 cm. |
| 500 | |aPrepared for Conference on Skills Development in the Knowledge-Based Economy (Atlantic Canada Opportunities Agency). |
| 504 | |aBibliography. |
| 563 | |aRing binding |
| 590 | |a00-42|b2000-10-20 |
| 690 | 07|aKnowledge based economy|2gcpds |
| 690 | 07|aRenewable resources|2gcpds |
| 690 | 07|aNon renewable resources|2gcpds |
| 720 | 1 |aDavis, Charles |
| 720 | 1 |aHulett, Les |
| 775 | 08|tBesoins en compétences dans le secteur primaire de la région de l'Atlantique / |w(CaOODSP)9.681233 |
| 776 | 0#|tSkills needs in the resource-based sectors in Atlantic Canada : |w(CaOODSP)9.695226 |